US States by second-largest city - Statistics

General Stats
  • This quiz has been taken 35 times
  • The average score is 28 of 50
Answer Stats
State City % Correct
Colorado Colorado Springs
92%
Alaska Fairbanks
92%
Florida Miami
92%
California San Diego
92%
Texas San Antonio
88%
Arizona Tucson
88%
Louisiana Baton Rouge
84%
New York Buffalo
84%
Tennessee Memphis
84%
Pennsylvania Pittsburgh
84%
Ohio Cleveland
80%
Alabama Montgomery
80%
North Carolina Raleigh
80%
Minnesota Saint Paul
80%
North Dakota Bismarck
76%
Oklahoma Tulsa
76%
Delaware Dover
72%
Wisconsin Madison
72%
Oregon Salem
72%
Georgia Augusta
68%
Nebraska Lincoln
68%
Missouri Saint Louis
68%
South Carolina Charleston
64%
Indiana Fort Wayne
64%
Michigan Grand Rapids
64%
Washington Spokane
64%
New Hampshire Concord
56%
Kentucky Lexington
56%
Conneticut New Haven
56%
Wyoming Casper
52%
Iowa Cedar Rapids
52%
Montana Helena
48%
Nevada Henderson
48%
New Jersey Jersey City
48%
Arkansas Fort Smith
44%
Massachusetts Worcester
44%
Virginia Norfolk
40%
New Mexico Las Cruces
28%
Kansas Overland Park
28%
South Dakota Rapid City
28%
Illinois Aurora
24%
Utah West Valley City
24%
Hawaii East Honolulu
20%
Mississippi Gulfport
20%
West Virginia Huntington
20%
Idaho Meridian
20%
Maryland Frederick
16%
Maine Lewiston
16%
Vermont South Burlington
16%
Rhode Island Cranston
8%
No matching quizzes found
Score Distribution
Percent of People with Each Score
Percentile by Number Answered
Your Score History
You have not taken this quiz